|
|
|
|
| LEADER |
00000nam0a2200000 4500 |
| 001 |
84353 |
| 005 |
20231101213341.0 |
| 010 |
|
|
|a 5283006554
|
| 020 |
|
|
|a RU
|b 91-24728
|
| 035 |
|
|
|a (RuTPU)RU\TPU\book\90676
|
| 090 |
|
|
|a 84353
|
| 100 |
|
|
|a 20051029d1991 km y0rusy5003 ca
|
| 101 |
0 |
|
|a rus
|
| 102 |
|
|
|a RU
|
| 105 |
|
|
|a a z 001zy
|
| 200 |
1 |
|
|a Электротермическое оборудование направленного излучения
|f А. В. Арендарчук, А. П. Слободской
|
| 210 |
|
|
|a Москва
|c Энергоатомиздат
|d 1991
|
| 215 |
|
|
|a 80 с.
|c ил.
|
| 225 |
1 |
|
|a Библиотека электротермиста
|v Вып. 78
|
| 320 |
|
|
|a Библиогр.: с. 77-79
|
| 606 |
|
|
|a Электротермическое оборудование
|2 stltpush
|3 (RuTPU)RU\TPU\subj\20884
|9 45946
|
| 610 |
1 |
|
|a конструктивные схемы
|
| 610 |
1 |
|
|a технические характеристики
|
| 610 |
1 |
|
|a источники излучений
|
| 610 |
1 |
|
|a дефлекторы
|
| 610 |
1 |
|
|a электрические печи
|
| 610 |
1 |
|
|a автоматизация
|
| 610 |
1 |
|
|a проектирование
|
| 610 |
1 |
|
|a производство
|
| 610 |
1 |
|
|a эксплуатация
|
| 610 |
1 |
|
|a математическое моделирование
|
| 675 |
|
|
|a 621.785.545.07
|z rus
|
| 700 |
|
1 |
|a Арендарчук
|b А. В.
|g Александр Викторович
|4 070
|
| 701 |
|
1 |
|a Слободской
|b А. П.
|g Александр Павлович
|4 070
|
| 801 |
|
0 |
|a RU
|b RuMRKP
|c 19950417
|g psbo
|
| 801 |
|
1 |
|a RU
|b 63413507
|c 20051029
|g PSBO
|
| 801 |
|
2 |
|a RU
|b 63413507
|c 20180109
|g PSBO
|
| 942 |
|
|
|c BK
|